000 00314nam a22001337a 4500
008 171024b xxu||||| |||| 00| 0 eng d
020 _a0471808709
041 _aeng
080 _a311
100 _a55
101 _aSTA
245 _aINTRODUCTION TO STATISTICAL QUALITY CONTROL
_cMONTGOMERY,D.C
942 _2udc
_cBK
999 _c35647
_d35647